000 00477nam a22001817a 4500
003 CEME
005 20210628201631.0
008 210204b xxu||||| |||| 00| 0 eng d
020 _a81-203-1957-5
040 _c.
082 _a621.3 PRA
100 _aPramanik, Ashutosh
_910268
245 _aElectromagnetism ,theory and applications
260 _aNEW DELHI
_bPRENTICE HALL OF INDIA
_c2003
300 _aXXIII,798P
650 _aELECTROMAGNETISM
_920219
942 _cBK
_2ddc
999 _c566628
_d566628